[Event "Wch Blitz"]
[Site "Doha"]
[Date "2016.12.30"]
[Round "21"]
[White "Fressinet, Laurent"]
[Black "Al Sayed, Mohammed"]
[Result "1-0"]
[WhiteElo "2672"]
[BlackElo "2508"]
[PlyCount "107"]
[EventDate "2016.12.29"]
[EventType "swiss (blitz)"]
[EventRounds "21"]
[EventCountry "QAT"]
[SourceTitle "CBM 176 Extra"]
[Source "ChessBase"]
[SourceDate "2017.03.02"]
[SourceVersion "1"]
[SourceVersionDate "2017.03.02"]
[SourceQuality "1"]

1. Nf3 d5 2. g3 c6 3. Bg2 Bg4 4. c4 e6 5. 0-0 Nd7 6. cxd5 exd5 7. d3 Ngf6 8. h3 Bxf3 9. Bxf3 Bc5 10. Bg2 0-0 11. e3 Re8 12. a3 a5 13. b3 Qe7 14. Bb2 Bd6 15. Nd2 Ne5 16. Qc2 h5 17. e4 dxe4 18. dxe4 h4 19. f4 Ng6 20. e5 Bc5+ 21. Kh1 Nh5 22. Ne4 Nxg3+ 23. Nxg3 hxg3 24. e6 Bf2 25. f5 Nf4 26. Qe4 Nxg2 27. Qxg2 fxe6 28. f6 Qf7 29. Be5 Rad8 30. fxg7 Rd3 31. Rad1 Rxd1 32. Rxd1 Qf5 33. Bxg3 Bxg3 34. Qxg3 e5 35. Kg1 Qf6 36. Kh1 e4 37. Qg4 e3 38. Qh5 Kxg7 39. Rg1+ Kf8 40. Qc5+ Re7 41. Qc4 Re6 42. Qc5+ Kf7 43. Qh5+ Ke7 44. Qh7+ Kd6 45. Qd3+ Kc7 46. Qe2 Qf5 47. Rg3 Qb1+ 48. Kg2 Qxb3 49. h4 Qxa3 50. h5 Qc5 51. Rg7+ Kb6 52. Qd3 Qd5+ 53. Qxd5 cxd5 54. Rg6 1-0

[Event "Wch Blitz"]
[Site "Doha"]
[Date "2016.12.30"]
[Round "19"]
[White "Maghsoodloo, Parham"]
[Black "Al Sayed, Mohammed"]
[Result "1-0"]
[WhiteElo "2584"]
[BlackElo "2508"]
[PlyCount "79"]
[EventDate "2016.12.29"]
[EventType "swiss (blitz)"]
[EventRounds "21"]
[EventCountry "QAT"]
[SourceTitle "CBM 176 Extra"]
[Source "ChessBase"]
[SourceDate "2017.03.02"]
[SourceVersion "1"]
[SourceVersionDate "2017.03.02"]
[SourceQuality "1"]

1. d4 d5 2. c4 c6 3. Nf3 Nf6 4. e3 Bg4 5. Nc3 e6 6. h3 Bh5 7. g4 Bg6 8. Ne5 Nfd7 9. Nxg6 hxg6 10. Qb3 Qb6 11. Bd2 Nf6 12. f3 Nbd7 13. 0-0-0 Qxb3 14. axb3 Bb4 15. Kc2 a6 16. Bd3 Rc8 17. Kb1 Bd6 18. e4 dxe4 19. fxe4 e5 20. d5 Bc5 21. Ne2 Ke7 22. b4 Ba7 23. g5 Ne8 24. c5 a5 25. Rc1 cxd5 26. exd5 axb4 27. c6 bxc6 28. dxc6 Nb8 29. Bxb4+ Nd6 30. c7 Nd7 31. Rc6 Nc5 32. Bxc5 Bxc5 33. Rxc5 Kd7 34. Rhc1 Ra8 35. Nc3 Rxh3 36. Nd5 Rah8 37. Nb6+ Ke6 38. Ba6 Rb3 39. Rc6 Ke7 40. Rd1 1-0

[Event "Wch Blitz"]
[Site "Doha"]
[Date "2016.12.29"]
[Round "6"]
[White "Al Sayed, Mohammed"]
[Black "Belyakov, Bogdan"]
[Result "0-1"]
[WhiteElo "2508"]
[BlackElo "2487"]
[PlyCount "84"]
[EventDate "2016.12.29"]
[EventType "swiss (blitz)"]
[EventRounds "21"]
[EventCountry "QAT"]
[SourceTitle "CBM 176 Extra"]
[Source "ChessBase"]
[SourceDate "2017.03.02"]
[SourceVersion "1"]
[SourceVersionDate "2017.03.02"]
[SourceQuality "1"]

1. d4 Nf6 2. Nf3 g6 3. Bg5 Bg7 4. Nbd2 0-0 5. c3 h6 6. Bxf6 Bxf6 7. h4 d5 8. e4 dxe4 9. Nxe4 Bg7 10. Bc4 Bg4 11. Qc2 Nc6 12. 0-0-0 Rb8 13. h5 gxh5 14. Ng3 b5 15. Bb3 Na5 16. Nxh5 Bxh5 17. Rxh5 Nxb3+ 18. Qxb3 b4 19. c4 Qd6 20. Qe3 b3 21. axb3 Qa6 22. Rdh1 Rb6 23. c5 Re6 24. Qc3 Re2 25. Kb1 Rb8 26. Ne5 Qe6 27. Nc4 Qe4+ 28. Ka2 Qe6 29. R5h4 a5 30. Rf4 a4 31. bxa4 Rexb2+ 32. Ka3 Re2 33. Ra1 Qd5 34. Rg4 Kf8 35. g3 Qxc5+ 36. dxc5 Bxc3 37. Rc1 Bb4+ 38. Kb3 Bd2+ 39. Kc2 Bxc1+ 40. Kxc1 Rxf2 41. Rh4 Rb4 42. Nb2 Rbxb2 0-1

[Event "Wch Blitz"]
[Site "Doha"]
[Date "2016.12.29"]
[Round "8"]
[White "Al Sayed, Mohammed"]
[Black "Kayumov, Sergey"]
[Result "1-0"]
[WhiteElo "2508"]
[BlackElo "2505"]
[PlyCount "49"]
[EventDate "2016.12.29"]
[EventType "swiss (blitz)"]
[EventRounds "21"]
[EventCountry "QAT"]
[SourceTitle "CBM 176 Extra"]
[Source "ChessBase"]
[SourceDate "2017.03.02"]
[SourceVersion "1"]
[SourceVersionDate "2017.03.02"]
[SourceQuality "1"]

1. d4 Nf6 2. Nf3 e6 3. Bg5 Be7 4. Nbd2 h6 5. Bxf6 Bxf6 6. e3 0-0 7. Bd3 b6 8. Qe2 c5 9. c3 Bb7 10. 0-0-0 a5 11. h4 a4 12. a3 cxd4 13. exd4 b5 14. g4 Be7 15. g5 h5 16. g6 fxg6 17. Bxg6 Qc7 18. Kb1 Rf6 19. Ne5 Bxa3 20. Qxh5 Rxg6 21. Qxg6 d5 22. Qxe6+ Kh7 23. Ndf3 Ra6 24. Ng5+ Kh8 25. Ng6# 1-0

[Event "Wch Blitz"]
[Site "Doha"]
[Date "2016.12.29"]
[Round "9"]
[White "Quintiliano Pinto, Renato Rodrigues"]
[Black "Al Sayed, Mohammed"]
[Result "0-1"]
[WhiteElo "2484"]
[BlackElo "2508"]
[PlyCount "66"]
[EventDate "2016.12.29"]
[EventType "swiss (blitz)"]
[EventRounds "21"]
[EventCountry "QAT"]
[SourceTitle "CBM 176 Extra"]
[Source "ChessBase"]
[SourceDate "2017.03.02"]
[SourceVersion "1"]
[SourceVersionDate "2017.03.02"]
[SourceQuality "1"]

1. d4 Nf6 2. c4 g6 3. Nc3 Bg7 4. e4 d6 5. Nf3 0-0 6. Be2 e5 7. 0-0 Nc6 8. d5 Ne7 9. b4 a5 10. Ba3 axb4 11. Bxb4 b6 12. a4 Re8 13. Re1 Bf8 14. Bf1 c5 15. Ba3 Bh6 16. Bb2 Nh5 17. g3 Rf8 18. Nb5 f5 19. a5 fxe4 20. Nxe5 e3 21. fxe3 dxe5 22. d6 Bb7 23. dxe7 Qxe7 24. axb6 Rad8 25. Qc2 Rf3 26. Bg2 Bxe3+ 27. Rxe3 Rxe3 28. Nc7 Bxg2 29. Qxg2 Qf7 30. Nd5 Rb3 31. Bxe5 Re8 32. Bb2 Qe6 33. b7 h6 0-1